| 000 | 01079nam a22002897a 4500 | ||
|---|---|---|---|
| 999 |
_c45056 _d45056 |
||
| 001 | 18641 | ||
| 003 | CO-MdFUSB | ||
| 005 | 20170808082750.0 | ||
| 008 | 170808t1997 s ||||| |||| 00| 0 s d | ||
| 020 | _a84-254-2002-4 | ||
| 040 |
_aCO-MdFUSB _bspa _cCO-MdFUSB _dCO-MdFUSBC _erda |
||
| 041 | _aspa | ||
| 082 | 0 | 4 | _aG 221.92 C36m |
| 100 | 1 |
_aChouraqui, André _eautor |
|
| 245 | 1 | 0 |
_aMoisés _b: Viaje a los confines de un ministerio realizado y de una utopía realizable _c / André Chouraqui ; traducido por Edison Simons |
| 264 | 4 |
_aBarcelona : _b Herder, _c©1997 |
|
| 300 | _a404 páginas | ||
| 336 |
_2rdacontent _a1 _ba1 |
||
| 337 |
_2rdamedia _a2 _b5 |
||
| 338 |
_2rdacarrier _a2 _b5 |
||
| 501 | _arústico | ||
| 505 | 0 | 0 | _aMosheh vivo entre nosotros -- La noche de los ídolos -- Ser esclavo -- El nombre traicionado -- Mosheh en Israel y entre las naciones -- El retorno del Repulso -- Una utopía realizable |
| 650 | 7 |
_aReligión _9385 |
|
| 653 | _aReligión - Biografía Bíblica - Antiguo Testamento | ||
| 653 | _aBiografía Bíblica - Moisés | ||
| 942 | _cBK | ||